| 000 | 00701nam a2200217 u 4500 | ||
|---|---|---|---|
| 005 | 20240924071312.0 | ||
| 008 | 160118s2011 r 000 0 eng d | ||
| 035 | _aUPN01000207516 | ||
| 049 | _aI | ||
| 050 | 4 |
_aGB471 _bG4.6 |
|
| 100 | 1 |
_aGerson de Goldsmit, Sara, _d1940- _935642 |
|
| 245 | 1 | 0 |
_aPluvio recorre las Islas Galápagos / _cSara Gerson Goldsmit ; colab. Eduardo Robles Bosa ; il. Luisa de Noriega. |
| 260 |
_aMéxico : _bTrillas, _c2011. |
||
| 300 |
_a46 p. : _bil. col. |
||
| 440 | 4 | _aLos viajes de Pluvio | |
| 650 | 4 |
_aISLAS _924724 |
|
| 650 | 4 |
_aLiteratura infantil _94445 |
|
| 700 | 1 |
_aRobles Boza, Eduardo, _d1941-2012 _ecolab. _929633 |
|
| 905 | _aInfantil | ||
| 999 |
_c179617 _d179617 |
||